| 000 | 00965nam a22003017a 4500 | ||
|---|---|---|---|
| 001 | 5252 | ||
| 003 | FISKH | ||
| 005 | 20241204151734.0 | ||
| 008 | 241121b cb ||||| |||| 00| 0 eng d | ||
| 020 | _a9780545450393 | ||
| 040 |
_aFISKH _beng _cFISKH _dFISKH |
||
| 050 | _aPZ7.S2502 | ||
| 082 | _a418 | ||
| 100 |
_aSauer, Tammi _d(1972-) |
||
| 245 |
_aMr. Duck means business / _cTammi Sauer Illustrated by Jeff Mack |
||
| 250 | _aThis edition first printing in 2012 | ||
| 260 |
_aNew York : _bScholastic, _c2012. |
||
| 300 |
_a30 pages : _bcolor illustrations ; _c23 cm |
||
| 505 | _aJ | ||
| 520 | _aMr. Duck enjoys a quiet morning routine on his private pond every day until other animals mistakenly think he has invited them to join him. | ||
| 521 | 8 |
_a470L
_bLexile |
|
| 521 | 8 |
_aG
_bRaz-Plus |
|
| 650 |
_2Compromise _aFiction |
||
| 650 |
_2Friends _aFriendship |
||
| 700 |
_aMack, Jeff _dIllustrator |
||
| 942 |
_2ddc _cBK _n0 |
||
| 999 |
_c5252 _d5252 |
||